000 00697nam a22002171 4500
001 105256
003 ES-MaACL
005 20260129170027.0
007 t|
008 060620s1956 sp 00100 spa d
080 _a378.4(04)
100 1 _aLópez Ortiz, José,
_d1898-1992
_973849
245 1 3 _aLa responsabilidad de los universitarios /
_cFray José López Ortiz.
260 _aMadrid :
_bRialp,
_c1956 (
_fRivadeneyra)
300 _a200 p. ;
_c19 cm.
490 1 _aBiblioteca del pensamiento actual ;
_v57
650 1 4 _aEstudiantes universitarios.
_912574
830 1 _aBiblioteca del pensamiento actual
_v57
_9181187
852 _aES-MaACL
_jC-10529
999 _c105256
_d105256